[Event "Württ. Meisterturnier"]
[Site "Plochingen"]
[Date "2017.08.31"]
[Round "7.2"]
[White "Gheng, Josef"]
[Black "Fischer, Sebastian"]
[Result "0-1"]
[WhiteElo "2352"]
[BlackElo "2219"]
[PlyCount "82"]
[EventDate "2017.??.??"]
[WhiteTeam "SK Wernau"]
[BlackTeam "TSV Schönaich"]

1. c4 f5 2. Nc3 Nf6 3. Nf3 d6 4. d4 Nc6 5. d5 Ne5 6. Ng5 c6 7. e4 fxe4 8. Ngxe4
Nxe4 9. Nxe4 g6 10. f4 Nf7 11. Qd4 Qb6 12. Qc3 Bd7 13. Be3 Bg7 14. Qd2 c5 15.
h3 Bf5 16. Nc3 h5 17. g3 Nh6 18. Be2 a6 19. a4 Qa5 20. Ra3 Bd7 21. Qc2 Bf5 22.
Qd1 Nf7 23. Kf2 O-O-O 24. Bd2 Qc7 25. a5 Bd4+ 26. Kg2 g5 27. Bxh5 Rdf8 28. Bg4
Nh6 29. Qe2 gxf4 30. Bxf4 Nxg4 31. hxg4 Rxh1 32. Kxh1 Rh8+ 33. Kg2 e5 34. gxf5
Qh7 35. Ra1 exf4 36. Qe6+ Kc7 37. Ne4 Be5 38. Rg1 Qh2+ 39. Kf1 Qc2 40. Qe7+ Kb8
41. Nxd6 Qd1+ 0-1

[Event "Württ. Meisterturnier"]
[Site "Plochingen"]
[Date "2017.08.31"]
[Round "7.3"]
[White "Kabisch, Thilo"]
[Black "Neyman, Igor"]
[Result "1-0"]
[WhiteElo "2268"]
[BlackElo "2323"]
[Annotator "Schach"]
[PlyCount "75"]
[EventDate "2017.??.??"]
[WhiteTeam "SK Schmiden/Cannstatt"]
[BlackTeam "Stuttgarter SF"]

1. e4 c5 2. Nf3 e6 3. c4 Nc6 4. d4 cxd4 5. Nxd4 Nf6 6. Nc3 Bb4 7. Nc2 Be7 (7...
Bxc3+ 8. bxc3 Nxe4 9. Qg4 Nf6 (9... f5 10. Qxg7 Qf6 11. Qxf6 Nxf6) 10. Qxg7 Rg8
11. Qh6 Rg6 12. Qh4 Qa5 13. Bd2 Qe5+ 14. Ne3 Ng4) 8. b3 O-O 9. Be2 b6 10. O-O
Bb7 11. Bb2 Rc8 12. Rc1 a6 13. Kh1 d6 14. Ne3 Ne5 15. f4 Ned7 16. Bf3 Qc7 (
16... b5 17. cxb5 axb5) 17. a3 Qb8 18. b4 Rfd8 19. Qe2 (19. Qd3) 19... Qa8 20.
Qd3 Bf8 21. Rfe1 Rc7 22. Nf1 Rcc8 23. Nd2 Qb8 24. Qe2 Be7 25. e5 $2 (25. Rcd1)
25... dxe5 26. fxe5 Nxe5 27. Nd5 $2 Ng6 $2 (27... Bxd5 28. Bxe5 (28. cxd5 Nxf3
29. Nxf3 Rxc1 30. Rxc1 Nxd5 31. Qxa6 Bf6) (28. Bxd5 Neg4 29. g3 (29. Nf1 exd5
30. h3 Nh6) 29... exd5 30. Qxe7 Re8) 28... Bxf3 29. Nxf3) 28. Nxe7+ Nxe7 29.
Bxb7 Qxb7 30. Bxf6 gxf6 31. Ne4 Kg7 32. Rf1 Ng6 (32... Nf5 33. Qg4+ Kh8 34.
Nxf6 Rd4 35. Qe2) 33. Nxf6 Rd4 34. Rc3 Qc7 (34... Rh4 35. Kg1) 35. c5 bxc5 36.
Rxc5 Qd8 37. Nh5+ Kg8 (37... Kh8 38. Rxc8 Qxc8 39. Qf2 Qd8 40. Qxf7) 38. Qf2
1-0

[Event "Württ. Meisterturnier"]
[Site "Plochingen"]
[Date "2017.09.01"]
[Round "7.9"]
[White "Schaffert, Walter"]
[Black "Pogan, Nikolas"]
[Result "1-0"]
[WhiteElo "2111"]
[BlackElo "2310"]
[PlyCount "69"]
[EventDate "2017.??.??"]
[WhiteTeam "SG Ludwigsburg"]
[BlackTeam "Heilbronner SV"]

1. e4 d6 2. d4 Nf6 3. Nc3 e5 4. Nf3 Nbd7 5. Bc4 Be7 6. O-O O-O 7. Re1 c6 8. a4
a5 9. h3 Nb6 10. Bd3 Nfd7 11. Be3 exd4 12. Bxd4 Nc5 13. Bxc5 dxc5 14. e5 c4 15.
Bf1 Qxd1 16. Nxd1 Rd8 17. Ne3 Be6 18. g4 g6 19. c3 c5 20. Be2 Kg7 21. Red1
Rxd1+ 22. Bxd1 Rd8 23. Be2 h5 24. Kh2 Kh6 25. Kg3 f6 26. gxh5 gxh5 27. Nh4 Rg8+
28. Kh2 Kg5 29. Rg1+ Kf4 30. Rxg8 Bxg8 31. Ng6+ Ke4 32. Nxe7 Bf7 33. exf6 Ke5
34. Bd1 Kxf6 35. N7f5 1-0

[Event "Württ. Meisterturnier"]
[Site "Plochingen"]
[Date "2017.08.31"]
[Round "7.10"]
[White "Maj, Kornel"]
[Black "Wolf, Rainer"]
[Result "1-0"]
[WhiteElo "2143"]
[BlackElo "2002"]
[PlyCount "43"]
[EventDate "2017.??.??"]
[WhiteTeam "Stuttgarter SF"]
[BlackTeam "SC Weiße Dame Ulm"]

1. e4 c6 2. d4 d5 3. Nc3 dxe4 4. Nxe4 Nf6 5. Nxf6+ exf6 6. c3 Be7 7. Bd3 O-O 8.
Ne2 Re8 9. Qc2 g6 10. h4 f5 11. h5 Bg5 12. g4 Bxc1 13. hxg6 fxg6 14. Qxc1 fxg4
15. Qh6 Qe7 16. Bc4+ Kh8 17. Qxg6 Rf8 18. Bd3 Rf7 19. O-O-O Nd7 20. Bc4 Rf8 21.
Nf4 Nf6 22. Qg5 1-0

[Event "Württ. Meisterturnier"]
[Site "Plochingen"]
[Date "2017.08.31"]
[Round "7.11"]
[White "Wendler, David"]
[Black "Bauer, Eckart"]
[Result "1-0"]
[WhiteElo "2056"]
[BlackElo "2112"]
[PlyCount "87"]
[EventDate "2017.??.??"]
[WhiteTeam "SK Bebenhausen"]
[BlackTeam "SF Plochingen"]

1. e4 c6 2. d4 g6 3. Nc3 Bg7 4. h3 d5 5. Nf3 Nf6 6. e5 Ne4 7. Nxe4 dxe4 8. Ng5
c5 9. e6 cxd4 10. Nxf7 Qa5+ 11. Bd2 Qd5 12. Nxh8 Bxh8 13. Qe2 Nc6 14. Qb5 Bxe6
15. Qxd5 Bxd5 16. Be2 e3 17. fxe3 Bxg2 18. Rg1 dxe3 19. Bxe3 Bxb2 20. Rb1 Bc3+
21. Kf2 Bd5 22. Rgd1 O-O-O 23. Bf3 e6 24. Bxd5 exd5 25. Rb5 d4 26. Bf4 b6 27.
a3 Ne7 28. Bg5 Rf8+ 29. Kg2 Rf5 30. Rxf5 Nxf5 31. Kf3 Kd7 32. Ke4 Kc6 33. Bf6
b5 34. Kd3 Kd5 35. Rg1 a5 36. Rg4 b4 37. a4 Ne3 38. Rg5+ Nf5 39. Bd8 Ke5 40.
Bxa5 Kf4 41. Rg1 Ne3 42. Bb6 Ke5 43. a5 Nd5 44. Bxd4+ 1-0

[Event "Württ. Meisterturnier"]
[Site "Plochingen"]
[Date "2017.08.31"]
[Round "7.12"]
[White "Streiter, Manfred"]
[Black "Reindl, Arno"]
[Result "0-1"]
[WhiteElo "1932"]
[BlackElo "2083"]
[PlyCount "108"]
[EventDate "2017.??.??"]
[WhiteTeam "SGem Vaihingen-Rohr"]
[BlackTeam "SG Schwäbisch Gmünd"]

1. Nf3 Nf6 2. c4 g6 3. g3 Bg7 4. Bg2 O-O 5. O-O d5 6. d4 c6 7. Nbd2 Bf5 8. Nh4
Be6 9. cxd5 Nxd5 10. Nb3 Na6 11. e4 Nb6 12. Be3 Nc4 13. Qe2 Nxe3 14. fxe3 Bxb3
15. axb3 Qb6 16. Qc4 Bh6 17. Rae1 Qb4 18. Nf3 Qxc4 19. bxc4 Nb4 20. Re2 Bg7 21.
Rd2 a5 22. Ra1 a4 23. Ne1 Rfd8 24. Rad1 Bh6 25. Kf2 a3 26. bxa3 Rxa3 27. Re2 c5
28. d5 Rc3 29. e5 Rxc4 30. d6 exd6 31. e4 Rd4 32. Rxd4 cxd4 33. Rb2 Nc6 34.
exd6 Rxd6 35. Nd3 Na5 36. e5 Ra6 37. Bxb7 Nxb7 38. Rxb7 Ra2+ 39. Kf3 Rxh2 40.
Rb8+ Kg7 41. Rb7 Kf8 42. e6 fxe6 43. Rxh7 Rh5 44. g4 Rh3+ 45. Ke4 Kg8 46. Re7
Bg7 47. Nc5 Re3+ 48. Kf4 Bf8 49. Re8 g5+ 50. Kxg5 Re5+ 51. Kf6 Rxc5 52. Kxe6
Rc6+ 53. Ke5 d3 54. Rb8 d2 0-1

[Event "Württemberg Championship - Masters"]
[Site "chess24.com"]
[Date "2017.09.01"]
[Round "7.1"]
[White "Kvetny, Mark"]
[Black "Hirneise, Jens"]
[Result "1/2-1/2"]
[WhiteElo "2406"]
[BlackElo "2350"]
[PlyCount "25"]
[EventDate "2017.??.??"]
[WhiteTeam "Deutschland"]
[BlackTeam "Deutschland"]
[WhiteTeamCountry "GER"]
[BlackTeamCountry "GER"]
[WhiteClock "0:48:24"]
[BlackClock "1:12:18"]

1. d4 Nf6 2. c4 g6 3. Nc3 Bg7 4. e4 d6 5. Be2 O-O 6. Bg5 a6 7. Nf3 Bg4 8. Qd2
Nfd7 9. Rd1 Nc6 10. Qe3 f6 11. Bh4 Bxf3 12. Bxf3 e5 13. Ne2 1/2-1/2

[Event "Württemberg Championship - Masters"]
[Site "chess24.com"]
[Date "2017.09.01"]
[Round "7.4"]
[White "Beyer, Christian"]
[Black "Latzke, Boris"]
[Result "1-0"]
[WhiteElo "2256"]
[BlackElo "2220"]
[PlyCount "177"]
[EventDate "2017.??.??"]
[WhiteTeam "Deutschland"]
[BlackTeam "Deutschland"]
[WhiteTeamCountry "GER"]
[BlackTeamCountry "GER"]
[WhiteClock "0:09:26"]
[BlackClock "0:06:34"]

1. e4 e5 2. Nf3 Nc6 3. Bb5 a6 4. Ba4 Nf6 5. Qe2 b5 6. Bb3 Be7 7. O-O O-O 8. c3
d6 9. d4 Bb7 10. Rd1 Qc8 11. Nbd2 h6 12. Nf1 Re8 13. Ng3 Bf8 14. dxe5 Nxe5 15.
Nxe5 Rxe5 16. f3 Re8 17. Qf2 g6 18. Qc2 c5 19. e5 c4 20. exf6 cxb3 21. axb3 Qe6
22. Bf4 Qxf6 23. Qd2 Kh7 24. b4 Re6 25. Re1 Rae8 26. Rxe6 Rxe6 27. Be3 Qe7 28.
Bd4 h5 29. Kf2 Bh6 30. Qd3 Qh4 31. Kg1 Bf4 32. Nf1 Qe7 33. Rd1 Bd5 34. Bf6 Qa7+
35. Qd4 Qxd4+ 36. Rxd4 Rxf6 37. Rxd5 Re6 38. Kf2 Bc1 39. b3 Bf4 40. c4 bxc4 41.
bxc4 Re8 42. g3 Be5 43. Nd2 Rb8 44. b5 axb5 45. cxb5 Bc3 46. Ne4 Bb4 47. Ke2 f5
48. Ng5+ Kh6 49. f4 Bc5 50. Kd3 Rxb5 51. Nf7+ Kg7 52. Nxd6 Rb6 53. Nxf5+ gxf5
54. Rxc5 Kg6 55. Rc8 Rb2 56. Rc6+ Kf7 57. Rc2 Rb4 58. Rc7+ Kf6 59. Rc6+ Kg7 60.
Rc4 Rb2 61. Rc2 Rb4 62. Ke3 Re4+ 63. Kf3 Ra4 64. Rd2 Ra3+ 65. Kg2 Ra6 66. Kh3
Kg6 67. Kh4 Rb6 68. Rd8 Rb2 69. Rd6+ Kf7 70. Kxh5 Rxh2+ 71. Kg5 Rh3 72. Rd3 Ke6
73. Re3+ Kf7 74. Kxf5 Rh5+ 75. Ke4 Ra5 76. g4 Kf6 77. Rd3 Ra4+ 78. Kf3 Ra6 79.
g5+ Kg6 80. Kg4 Ra1 81. f5+ Kf7 82. Rd7+ Ke8 83. Rb7 Kf8 84. Kh5 Kg8 85. Kg6
Ra6+ 86. f6 Ra8 87. Rg7+ Kh8 88. Rh7+ Kg8 89. f7+ 1-0

[Event "Württemberg Championship - Masters"]
[Site "chess24.com"]
[Date "2017.09.01"]
[Round "7.5"]
[White "Lelumees, Brait"]
[Black "Weigand, Bernhard"]
[Result "0-1"]
[WhiteElo "2172"]
[BlackElo "2187"]
[PlyCount "56"]
[EventDate "2017.??.??"]
[WhiteTeam "Estland"]
[BlackTeam "Deutschland"]
[WhiteTeamCountry "EST"]
[BlackTeamCountry "GER"]
[WhiteClock "0:08:02"]
[BlackClock "0:32:10"]

1. d4 e6 2. e4 d5 3. Nc3 Bb4 4. e5 c5 5. a3 Ba5 6. b4 cxd4 7. Nb5 Bc7 8. f4 Ne7
9. Nf3 Nbc6 10. Bd3 a6 11. Nxc7+ Qxc7 12. O-O Bd7 13. Bb2 g6 14. Nxd4 Qb6 15.
c3 Nxd4 16. cxd4 O-O 17. Kh1 Rac8 18. Rf3 f5 19. exf6 Rxf6 20. Rc1 Rxc1 21.
Qxc1 Nf5 22. g4 Nd6 23. Qc5 Qc6 24. Rf1 Nc4 25. Bc1 Rf7 26. Re1 Qc8 27. Kg2 Qd8
28. Kg3 b6 0-1

[Event "Württemberg Championship - Masters"]
[Site "chess24.com"]
[Date "2017.09.01"]
[Round "7.6"]
[White "Zuferi, Enis"]
[Black "Gabriel, Josef"]
[Result "1-0"]
[WhiteElo "2278"]
[BlackElo "2091"]
[PlyCount "121"]
[EventDate "2017.??.??"]
[WhiteTeam "Deutschland"]
[BlackTeam "Deutschland"]
[WhiteTeamCountry "GER"]
[BlackTeamCountry "GER"]
[WhiteClock "0:06:57"]
[BlackClock "0:00:38"]

1. d4 g6 2. e4 Bg7 3. Nc3 d6 4. Be3 a6 5. f4 b5 6. Bd3 Bb7 7. Nf3 Nd7 8. e5 Nh6
9. Be4 Bxe4 10. Nxe4 d5 11. Ned2 Nb6 12. b3 Qd7 13. Qe2 O-O 14. h3 f6 15. O-O
Rac8 16. c3 fxe5 17. fxe5 Nf5 18. Bf2 e6 19. Ne1 Qc6 20. Rc1 Rf7 21. Nd3 Rcf8
22. g4 Ne7 23. Be3 Nd7 24. Rxf7 Rxf7 25. Nf3 h6 26. h4 Qa8 27. Nf4 Nf8 28. Rf1
Qe8 29. Qd2 Kh8 30. Qc2 Kg8 31. Qc1 a5 32. Qa3 Qa8 33. Qc5 Qb7 34. Rb1 Nd7 35.
Qa3 Qb6 36. Qc1 Nf8 37. Kg2 Qb8 38. Qd2 b4 39. cxb4 axb4 40. Nd3 Nc6 41. Rc1
Qb7 42. Qc2 Qb5 43. Nfe1 Ne7 44. Nf3 c6 45. Qd2 h5 46. Ng5 hxg4 47. Nxf7 Kxf7
48. Rc5 Qb7 49. Qxb4 Qa6 50. Qd2 Nf5 51. Bg5 Nd7 52. Ra5 Qb6 53. Qb4 Qxb4 54.
Nxb4 Nxd4 55. Ra7 Ke8 56. Nd3 Bf8 57. b4 c5 58. bxc5 Nxc5 59. Ra8+ Kd7 60. Nf4
Bd6 61. Rd8+ 1-0

[Event "Württemberg Championship - Masters"]
[Site "chess24.com"]
[Date "2017.09.01"]
[Round "7.7"]
[White "Gustain, Marc"]
[Black "Maisch, Julian"]
[Result "0-1"]
[WhiteElo "2132"]
[BlackElo "2149"]
[PlyCount "118"]
[EventDate "2017.??.??"]
[WhiteTeam "Deutschland"]
[BlackTeam "Deutschland"]
[WhiteTeamCountry "GER"]
[BlackTeamCountry "GER"]
[WhiteClock "0:00:59"]
[BlackClock "0:21:34"]

1. e4 c5 2. Nf3 e6 3. d4 cxd4 4. Nxd4 Nc6 5. Nc3 Qc7 6. Qd3 a6 7. Nxc6 bxc6 8.
Qg3 Qxg3 9. hxg3 d5 10. Na4 Rb8 11. exd5 cxd5 12. Bf4 Rb4 13. b3 e5 14. Bd2 Rg4
15. Bd3 e4 16. Be2 Rg6 17. Be3 Rc6 18. O-O-O Ba3+ 19. Kb1 Ne7 20. Nb6 O-O 21.
Nxd5 Be6 22. Nxe7+ Bxe7 23. Rd4 Rfc8 24. Bd1 Bf6 25. Ra4 g6 26. g4 Bg7 27. Bd4
Bf8 28. Be2 Rd8 29. Rd1 Rcd6 30. c3 Bd7 31. Rxa6 Rxa6 32. Bxa6 Bxg4 33. Re1 Bf5
34. Kb2 Bg7 35. Bxg7 Kxg7 36. Re2 h5 37. a4 g5 38. b4 h4 39. a5 g4 40. Bb7 h3
41. gxh3 gxh3 42. f4 Bg4 43. Rh2 e3 44. a6 Rd2+ 45. Rxd2 exd2 46. a7 d1=Q 47.
a8=Q Be6 48. Qa5 Qb3+ 49. Kc1 Qxc3+ 50. Kb1 Qe1+ 51. Kb2 Qd2+ 52. Kb1 Qxf4 53.
Qc5 Qf5+ 54. Kc1 Qxc5+ 55. bxc5 Kf6 56. Kd2 Ke5 57. Ke3 Bd5 58. Bxd5 Kxd5 59.
Kf3 Kxc5 0-1

[Event "Württemberg Championship - Masters"]
[Site "chess24.com"]
[Date "2017.09.01"]
[Round "7.8"]
[White "Szczep, Zbigniew"]
[Black "Engelhart, Achim"]
[Result "1-0"]
[WhiteElo "2238"]
[BlackElo "2136"]
[PlyCount "113"]
[EventDate "2017.??.??"]
[WhiteTeam "Polen"]
[BlackTeam "Deutschland"]
[WhiteTeamCountry "POL"]
[BlackTeamCountry "GER"]
[WhiteClock "0:07:06"]
[BlackClock "0:01:21"]

1. c4 c5 2. Nf3 Nc6 3. d4 cxd4 4. Nxd4 Qb6 5. Nb3 e6 6. Nc3 Nf6 7. e3 Bb4 8.
Bd2 O-O 9. c5 Qd8 10. a3 Bxc3 11. Bxc3 Ne4 12. Rc1 Nxc3 13. Rxc3 b6 14. Qd6 Bb7
15. Be2 Qb8 16. Qxb8 Raxb8 17. cxb6 axb6 18. O-O Rfc8 19. Rfc1 Kf8 20. Nd2 d5
21. Rb3 Ba8 22. Ba6 Rd8 23. Nf3 Ke7 24. Rbc3 Kd6 25. Kf1 f6 26. Nd4 Nxd4 27.
exd4 Rd7 28. Bb5 Ra7 29. Ke2 e5 30. Rc8 Rxc8 31. Rxc8 exd4 32. Kd3 Bb7 33. Rh8
Kc5 34. a4 h6 35. Rg8 Ba6 36. Bxa6 Rxa6 37. Rxg7 Rxa4 38. Rc7+ Kd6 39. Rh7 Rb4
40. Rxh6 Ke5 41. f4+ Kxf4 42. Rxf6+ Ke5 43. Rf2 Rb3+ 44. Kc2 Re3 45. Kd2 Rb3
46. Kd1 d3 47. g4 Rb4 48. h3 Ke4 49. g5 Ke3 50. Rg2 Rh4 51. Rg3+ Kf4 52. g6
Kxg3 53. g7 Rxh3 54. g8=Q+ Kf2 55. Qxd5 Rf3 56. Kd2 Kg2 57. Qc6 1-0